| 000 | 00533nam a2200181Ia 4500 | ||
|---|---|---|---|
| 999 |
_c7285 _d7285 |
||
| 020 | _a9780739128206 | ||
| 082 | _a306.0959862 LEW-B | ||
| 100 | _aLewis, Jeff | ||
| 245 | 0 | _aBali's silent crisis: desire, tragedy and transition | |
| 260 |
_aLanham _bLexington Books _c2009 |
||
| 300 | _ax, 241 | ||
| 504 | _aincludes index | ||
| 650 |
_aBali Island (Indonesia) _vSocial conditions |
||
| 650 |
_aBali Island (Indonesia) _vHistory |
||
| 650 |
_aBali Island (Indonesia) _vEconomic conditions |
||
| 700 | _aLewis, Belinda | ||
| 942 | _cBK | ||